Регионална библиотека "Любен Каравелов" - Русе

Загадките на древна Африка (Запис номер 55642)

MARC детайли
000 -Лидер
Контролно поле с фиксирана дължина 01645nam a2200397 c 4500
003 - Код на организацията, давaща контролен номер
Контролно поле BLK
005 - Дата и час на последна редакция
Контролно поле 20180727095258.0
008 - Елементи от данни с фиксирана дължина
fixed length control field 180408b bul|||||r ||||||| ||bul||
010 ## - Наследен системен номер
LC control number KNG00059613000
020 ## - Международен стандартен номер на книга ISBN
Международен стандартен номер на книга ISBN 954-738-129-6
-- издат.: Литера Прима
040 ## - Източник на каталожния запис
Идентификатор на билиотеката - собственик на записа BLK
041 ## - Код за език
Код за езика на текст/звукозапис или на отделно заглавие Български
Код за езика КДБФ Български
080 ## - УДК
Текстов определител УДК Паметници на културата на историческите периоди. Археологическите паметници. Старини
УДК код - определител по УДК 904
УДК определител (6)
УДК - код + определител 904(6)
080 ## - УДК
Текстов определител УДК История на Стара Африка
УДК код - определител по УДК 939.7
УДК определител
УДК - код + определител 939.7
080 ## - УДК
Текстов определител УДК История на цивилизацията. История на културата
УДК код - определител по УДК 930.85
УДК определител
УДК - код + определител 930.85
100 1# - Редна дума - Автор
Автор Дейвидсън, Базил
Авторска отговорност първи автор
R(LIN) 286343
139 ## - Редно поле
Редна дума Дейвидсън, Базил
Авторски знак Деи - Д 34
245 10 - Сведения за заглавието
Заглавие Загадките на древна Африка
Редно поле (дума) Базил Дейвидсън; прев. Живко Манолов.
257 ## - Страна на издаване
Страна на създаване/издаване Великобритания
260 ## - Област на издателските данни
-- София
Име на издателя, разпространителя и проч. Литера Прима
Година на издаване 2006
300 ## - Физическа характеристика
Страници 296 с.
Илюстрации и др. с ил.
Размери/Мащаб 20 см
380 ## - Жанр
Жанр История
490 1# - СЕРИИ (Колекции)
Име на серия Поредица Тайни и загадки
№: серия 111
500 ## - Общи забележки
Забележка Ориг. загл. Mysteries of Old Africa / Basil Davidson
650 #4 - Допълнително описание по предмет – тема
Основно описание – тема или топоним Африка - история
9 (RLIN) 286344
653 ## - Ключова дума – ненормативна
Ключова дума Африка
653 ## - Ключова дума – ненормативна
Ключова дума история
653 ## - Ключова дума – ненормативна
Ключова дума исторически паметници
653 ## - Ключова дума – ненормативна
Ключова дума култура
700 1# - Други автори (авторска отговорност)
Лично име Манолов, Живко
Автороска отговорност (Описва отношението между автора и произведението) прев.
9 (RLIN) 369176
852 ## - Местоположение
Форматна сигнатура Цб 227672
856 4# - Електронен адрес и достъп
Електронен формат pdf - файл
Път до файла /url/
856 4# - Електронен адрес и достъп
Електронен формат pdf - файл
Път до файла /url/
942 ## - АРТИКУЛИ
Вид на библиотечния материал Книги
Скрит в OPAC Не
Koha issues (borrowed), all copies 1
944 ## - СЪЗДАВАНЕ И РЕДАКЦИЯ на ЗАПИСА
Създаване/Редакция Създаване
Дата на регистрацията/редакция 29.05.2006
Служител, извършил регистрацията/редакцията Пенка_Димитрова
944 ## - СЪЗДАВАНЕ И РЕДАКЦИЯ на ЗАПИСА
Създаване/Редакция Редакция
Дата на регистрацията/редакция 14.11.2007
Служител, извършил регистрацията/редакцията
999 ## - СИСТЕМНИ КОНТРОЛНИ НОМЕРА
Koha biblionumber 55642
Koha biblioitemnumber 55642
Наличности
Код за отписване Код за изгубен артикул Код за повреда Коз за рестрикции Код за отдаване Артикулен № Име на библиотеката - собственик Име на библиотеката, в която се намира в момента Статус (Текущо местоположение) Дата на вписване в системата Местоположение - отдел Цена в лева Инвентарен номер Систематично азбучна сигнатура Баркод Номер на екземпляра Цена в евро Служебна бележка Служебен тип на артикула
Изтеглен Не е изгубен Не е повреден без рестрикции заемане за дома 87551 Регионална библиотека "Любен Каравелов" Русе Регионална библиотека "Любен Каравелов" Русе Заемна - подръчен фонд 2006-05-29 Заемна - подръчен фонд 10.00 120000702507 П 904/Д 34 120000702507 1 5.11 Дост: Pk Вид: Ф N: 7 Дата: 29.05.2006 Дата инв: 07.02.2018 Бележки инв: П2018 Книги
  Не е изгубен Не е повреден без рестрикции ползва се в читалня 87552 Регионална библиотека "Любен Каравелов" Русе Регионална библиотека "Любен Каравелов" Русе Хранилище 2007-11-14 Хранилище 10.00 120000719744 Цб 227672 120000719744 2 5.11 Дост: Dp Вид: Д N: 29 Дата: 27.06.2007 Книги
Vip Innovations Ltd, Rousse, Bulgaria 2025